| 000 | 00663cam a2200229 a 4500 | ||
|---|---|---|---|
| 001 | 3013814 | ||
| 005 | 20180221092015.0 | ||
| 008 | 940419s1995 ilua 001 0 eng | ||
| 010 | _a 94012327 | ||
| 020 | _a0256113025 | ||
| 040 |
_aDLC _cDLC _dDLC |
||
| 041 | _aeng | ||
| 043 | _an-us--- | ||
| 080 | _a346.7307 JOH | ||
| 082 | 0 | 0 |
_a346.7307 JOH _a347.3067 _220 |
| 100 | 1 | _a58 | |
| 101 | _aBUS | ||
| 245 | 1 | 0 |
_aBasic law and the legal environment of business / _cJohn E. Adamson. |
| 906 |
_a7 _bcbc _corignew _d1 _eocip _f19 _gy-gencatlg |
||
| 942 |
_2ddc _cBK |
||
| 999 |
_c43083 _d43083 |
||